[Event "Helsingor Xtracon op"]
[Site "Helsingor"]
[Date "2016.07.25"]
[Round "4"]
[White "Hoyer, Jacob"]
[Black "Higgs, Joshua"]
[Result "1/2-1/2"]
[WhiteElo "2212"]
[BlackElo "2003"]
[PlyCount "85"]
[EventDate "2016.07.23"]
[EventType "swiss"]
[EventRounds "10"]
[EventCountry "DEN"]
[SourceTitle "CBM 173 Extra"]
[Source "ChessBase"]
[SourceDate "2016.08.29"]
[SourceVersion "1"]
[SourceVersionDate "2016.08.29"]
[SourceQuality "1"]

1. d4 Nf6 2. c4 e6 3. Nc3 d5 4. cxd5 exd5 5. Bg5 Be7 6. e3 0-0 7. Bd3 c6 8. Qc2 Nbd7 9. Nf3 Re8 10. 0-0 Nf8 11. Bxf6 Bxf6 12. b4 Qd6 13. b5 c5 14. dxc5 Qxc5 15. Ne4 Qxc2 16. Nxf6+ gxf6 17. Bxc2 Be6 18. Bb3 Rac8 19. Rac1 Ng6 20. Nd4 Ne7 21. Rfd1 Rxc1 22. Rxc1 Rc8 23. Rxc8+ Nxc8 24. e4 Ne7 25. Kf1 Kf8 26. Ke2 Ke8 27. Nxe6 fxe6 28. exd5 exd5 29. Kd3 Kd7 30. Kd4 Kd6 31. g4 Ke6 32. Bc2 h6 33. f4 Kd6 34. h4 a6 35. a4 axb5 36. axb5 b6 37. g5 fxg5 38. fxg5 hxg5 39. hxg5 Ke6 40. Bh7 Nc8 41. Bg6 Na7 42. Bd3 Nxb5+ 43. Bxb5 1/2-1/2

[Event "Donau op 24th"]
[Site "Aschach"]
[Date "2015.12.26"]
[Round "1"]
[White "Higgs, Joshua"]
[Black "Lehner, Oliver"]
[Result "0-1"]
[WhiteElo "1969"]
[BlackElo "2418"]
[PlyCount "48"]
[EventDate "2015.12.26"]
[EventType "swiss"]
[EventRounds "7"]
[EventCountry "AUT"]
[SourceTitle "CBM 170 Extra"]
[Source "ChessBase"]
[SourceDate "2016.02.25"]
[SourceVersion "1"]
[SourceVersionDate "2016.02.25"]
[SourceQuality "1"]

1. e4 c5 2. Nf3 e6 3. c3 Nf6 4. e5 Nd5 5. d4 cxd4 6. cxd4 Nc6 7. Bc4 d6 8. 0-0 Be7 9. a3 0-0 10. Qe2 Qb6 11. Qe4 Na5 12. Bd3 f5 13. exf6 Nxf6 14. Qh4 Nb3 15. Ra2 Nxc1 16. Rxc1 h6 17. Nc3 Bd7 18. Nd2 Rac8 19. Nc4 Qd8 20. Qg3 Be8 21. Re1 Nh5 22. Qe3 Nf4 23. Bb1 Bg5 24. Ra1 Bh5 0-1

[Event "Bruges Masters op"]
[Site "Bruges"]
[Date "2015.08.27"]
[Round "8"]
[White "Higgs, Joshua"]
[Black "De Weird, Matthias"]
[Result "1/2-1/2"]
[WhiteElo "1951"]
[BlackElo "1872"]
[PlyCount "50"]
[EventDate "2015.08.24"]
[EventType "swiss"]
[EventRounds "9"]
[EventCountry "BEL"]
[SourceTitle "EXT 2016"]
[Source "ChessBase"]
[SourceDate "2015.10.08"]
[SourceVersion "1"]
[SourceVersionDate "2015.10.08"]
[SourceQuality "1"]

1. e4 e5 2. Nf3 Nc6 3. d4 exd4 4. Bc4 Bc5 5. c3 Nf6 6. cxd4 Bb4+ 7. Bd2 Bxd2+ 8. Nbxd2 d5 9. exd5 Nxd5 10. Qb3 Nce7 11. 0-0 0-0 12. Rfe1 c6 13. Rad1 h6 14. Ne4 Qb6 15. Qa3 Ng6 16. Ne5 Nxe5 17. dxe5 Be6 18. Rd2 Rad8 19. h3 Nf4 20. Bxe6 Rxd2 21. Nxd2 fxe6 22. Nf3 c5 23. Rd1 Nd5 24. Rc1 Rc8 25. Nd2 Qb4 1/2-1/2

[Event "Bruges Masters op"]
[Site "Bruges"]
[Date "2015.08.25"]
[Round "4"]
[White "Higgs, Joshua"]
[Black "Van den Hoff, Damien"]
[Result "1-0"]
[WhiteElo "1951"]
[BlackElo "1805"]
[PlyCount "96"]
[EventDate "2015.08.24"]
[EventType "swiss"]
[EventRounds "9"]
[EventCountry "BEL"]
[SourceTitle "EXT 2016"]
[Source "ChessBase"]
[SourceDate "2015.10.08"]
[SourceVersion "1"]
[SourceVersionDate "2015.10.08"]
[SourceQuality "1"]

1. e4 e5 2. Nf3 Nc6 3. Bb5 Nf6 4. Nc3 d6 5. d4 exd4 6. Nxd4 Bd7 7. Bxc6 bxc6 8. 0-0 Be7 9. Qf3 0-0 10. h3 Rb8 11. Rd1 Qc8 12. Rb1 c5 13. Nde2 Bc6 14. Nf4 Rb4 15. a3 Rb8 16. b3 Re8 17. Bb2 Bf8 18. Nfd5 Nxd5 19. Nxd5 Bxd5 20. Rxd5 Qe6 21. Re1 c6 22. Rd2 d5 23. Rde2 d4 24. Qf5 g6 25. Qxe6 Rxe6 26. Ba1 a5 27. a4 c4 28. Bxd4 cxb3 29. cxb3 Rxb3 30. Rb2 Rxb2 31. Bxb2 Bb4 32. Rd1 Re8 33. f3 c5 34. Bf6 Rc8 35. Rc1 Kf8 36. Kf2 Ke8 37. Ke3 Rc6 38. Be5 Kd7 39. Kd3 Rb6 40. Rb1 Kc6 41. Kc4 Rb7 42. Rd1 Re7 43. Rd6+ Kb7 44. Bf6 Rc7 45. Bd8 Rc6 46. Rd7+ Kc8 47. Rd5 Kb7 48. Kb5 Re6 1-0

[Event "Graz op-B"]
[Site "Graz"]
[Date "2015.02.20"]
[Round "9"]
[White "Grosse, Manfred"]
[Black "Higgs, Joshua"]
[Result "0-1"]
[WhiteElo "1954"]
[BlackElo "1819"]
[PlyCount "60"]
[EventDate "2015.02.13"]
[EventType "swiss"]
[EventRounds "9"]
[EventCountry "AUT"]
[SourceTitle "CBM 165 Extra"]
[Source "ChessBase"]
[SourceDate "2015.04.21"]
[SourceVersion "1"]
[SourceVersionDate "2015.04.21"]
[SourceQuality "1"]

1. c4 Nf6 2. Nf3 e6 3. Nc3 b6 4. g3 Bb7 5. Bg2 Be7 6. d4 d6 7. Qc2 c5 8. e3 Nc6 9. 0-0 0-0 10. Rd1 Qc7 11. a3 cxd4 12. Nb5 Qd7 13. exd4 Rfc8 14. b3 d5 15. Ne5 Nxe5 16. dxe5 Qxb5 17. exf6 Bxf6 18. Bb2 Bxb2 19. Qxb2 Qd7 20. cxd5 Bxd5 21. Rd4 Rd8 22. Rad1 Qe7 23. Bxd5 Rxd5 24. Rxd5 exd5 25. Rd4 Rc8 26. Rg4 g6 27. h4 Qe1+ 28. Kg2 Rc1 29. Kf3 Qd1+ 30. Kf4 Rc2 0-1

[Event "Hastings Masters op 90th"]
[Site "Hastings"]
[Date "2015.01.03"]
[Round "6"]
[White "Pickersgill, Adrian"]
[Black "Higgs, Joshua"]
[Result "1-0"]
[WhiteElo "1994"]
[BlackElo "1863"]
[PlyCount "97"]
[EventDate "2014.12.29"]
[EventType "swiss"]
[EventRounds "9"]
[EventCountry "ENG"]
[SourceTitle "CBM 164 Extra"]
[Source "ChessBase"]
[SourceDate "2015.03.02"]
[SourceVersion "1"]
[SourceVersionDate "2015.03.02"]
[SourceQuality "1"]

1. e4 e5 2. Nf3 Nc6 3. d4 exd4 4. Bc4 Bc5 5. c3 Nf6 6. cxd4 Bb4+ 7. Bd2 Bxd2+ 8. Nbxd2 d5 9. exd5 Nxd5 10. Qb3 Nce7 11. 0-0 0-0 12. Rfe1 c6 13. Ne4 Qb6 14. h3 Rd8 15. Rad1 Bf5 16. Ng3 Qxb3 17. Bxb3 Bg6 18. Ne5 Kf8 19. Nxg6+ hxg6 20. Re2 Nf5 21. Nxf5 gxf5 22. Re5 g6 23. Bxd5 Rxd5 24. Rxd5 cxd5 25. Rc1 Re8 26. Kf1 b6 27. f3 Re7 28. Kf2 Kg7 29. g3 Kf6 30. Rc6+ Re6 31. Rc7 Re7 32. Rxe7 Kxe7 33. Ke3 Kf6 34. f4 Kg7 35. Kd3 a5 36. b4 axb4 37. Kc2 Kh6 38. Kb3 g5 39. Kxb4 gxf4 40. gxf4 Kh5 41. Kb5 Kh4 42. Kxb6 Kg3 43. a4 Kxf4 44. a5 Kg3 45. a6 f4 46. a7 f3 47. a8Q f2 48. Qa1 Kg2 49. Kc5 1-0

[Event "Hastings Masters op 90th"]
[Site "Hastings"]
[Date "2015.01.01"]
[Round "4"]
[White "Vanheirzeele, Daniel"]
[Black "Higgs, Joshua"]
[Result "1-0"]
[WhiteElo "2081"]
[BlackElo "1863"]
[PlyCount "71"]
[EventDate "2014.12.29"]
[EventType "swiss"]
[EventRounds "9"]
[EventCountry "ENG"]
[SourceTitle "CBM 164 Extra"]
[Source "ChessBase"]
[SourceDate "2015.03.02"]
[SourceVersion "1"]
[SourceVersionDate "2015.03.02"]
[SourceQuality "1"]

1. d4 Nf6 2. c4 e6 3. g3 Bb4+ 4. Bd2 Qe7 5. Nf3 Nc6 6. Nc3 Bxc3 7. Bxc3 Ne4 8. Rc1 d6 9. d5 Nxc3 10. Rxc3 Nd8 11. Bg2 0-0 12. dxe6 Nxe6 13. 0-0 Bd7 14. b4 Qf6 15. Qd2 Bc6 16. Rd1 Rfe8 17. Re3 h6 18. h4 Rad8 19. b5 Bxf3 20. Rxf3 Qg6 21. Ra3 Nc5 22. Rxa7 Qg4 23. Qd4 Qxe2 24. Bxb7 Nxb7 25. Rxb7 Re4 26. Qd3 Qxd3 27. Rxd3 Rxc4 28. Ra7 Rb8 29. a4 g6 30. Rb3 Rc5 31. Kf1 Kf8 32. Ke2 Ke8 33. Kd2 Rb6 34. Rc3 c6 35. Rxc5 dxc5 36. Ra6 1-0

[Event "EU-ch U14 24th"]
[Site "Batumi"]
[Date "2014.10.20"]
[Round "2"]
[White "Bashirli, Nail Qoshqar"]
[Black "Higgs, Joshua"]
[Result "1-0"]
[WhiteElo "1992"]
[BlackElo "1915"]
[PlyCount "52"]
[EventDate "2014.10.19"]
[EventType "swiss"]
[EventRounds "9"]
[EventCountry "GEO"]
[SourceTitle "EXT 2015"]
[Source "ChessBase"]
[SourceDate "2014.11.20"]
[SourceVersion "1"]
[SourceVersionDate "2014.11.20"]
[SourceQuality "1"]

1. e4 c6 2. d4 d5 3. Nc3 dxe4 4. Nxe4 Nf6 5. Nxf6+ gxf6 6. Nf3 Bg4 7. c3 Qc7 8. g3 Nd7 9. Bg2 0-0-0 10. 0-0 e5 11. Qa4 Kb8 12. dxe5 Bxf3 13. Bxf3 fxe5 14. Qc2 Nb6 15. Qf5 Bd6 16. Bg5 Be7 17. Bh6 f6 18. Rad1 Qc8 19. Rxd8 Rxd8 20. Qe4 Qe6 21. Bg4 Qxa2 22. Qc2 Qa4 23. Qe2 Qb3 24. Rd1 Qf7 25. Bh5 Qe6 26. Bg4 Qg8 1-0

[Event "BCF-ch Major op"]
[Site "Aberystwyth"]
[Date "2014.07.23"]
[Round "3"]
[White "Higgs, Joshua"]
[Black "Herring, Samuel"]
[Result "1/2-1/2"]
[WhiteElo "1889"]
[BlackElo "1733"]
[PlyCount "84"]
[EventDate "2014.07.21"]
[EventType "swiss"]
[EventRounds "11"]
[EventCountry "WLS"]
[SourceTitle "EXT 2017"]
[Source "ChessBase"]
[SourceDate "2016.10.25"]
[SourceVersion "1"]
[SourceVersionDate "2016.10.25"]
[SourceQuality "1"]

1. e4 e6 2. d4 d5 3. Nc3 Bb4 4. exd5 exd5 5. Bd3 Nc6 6. Nge2 Bg4 7. f3 Bh5 8. 0-0 Nge7 9. Nf4 Bg6 10. Nce2 Qd7 11. c3 Bd6 12. Re1 0-0 13. Nxg6 Nxg6 14. Bxg6 hxg6 15. Bf4 Ne7 16. Bxd6 Qxd6 17. Ng3 Rfe8 18. Re3 Nf5 19. Nxf5 gxf5 20. Qe2 Re6 21. Rxe6 Qxe6 22. Re1 Re8 23. Kf2 f4 24. Qxe6 fxe6 25. Re5 Kh7 26. h4 Kg6 27. Rg5+ Kh6 28. Re5 Kg6 29. Kg1 Kf6 30. Kh2 c5 31. Rg5 cxd4 32. cxd4 Re7 33. Re5 Rc7 34. Re2 Rc1 35. Rd2 e5 36. g3 fxg3+ 37. Kxg3 exd4 38. Rxd4 Ke5 39. Rd2 d4 40. b3 Re1 41. Kf2 Re3 42. Rc2 Rc3 1/2-1/2

[Event "BCF-ch Major op"]
[Site "Aberystwyth"]
[Date "2014.07.22"]
[Round "2"]
[White "Jaunooby, Ali Reza"]
[Black "Higgs, Joshua"]
[Result "1-0"]
[WhiteElo "2186"]
[BlackElo "1889"]
[PlyCount "63"]
[EventDate "2014.07.21"]
[EventType "swiss"]
[EventRounds "11"]
[EventCountry "WLS"]
[SourceTitle "EXT 2017"]
[Source "ChessBase"]
[SourceDate "2016.10.25"]
[SourceVersion "1"]
[SourceVersionDate "2016.10.25"]
[SourceQuality "1"]

1. d4 Nf6 2. Nf3 e6 3. Bf4 b6 4. e3 Bb7 5. Bd3 Be7 6. h3 c5 7. Nbd2 cxd4 8. exd4 Nc6 9. c3 d6 10. Qe2 Qd7 11. Bh2 Rc8 12. 0-0 0-0 13. Rae1 Rfe8 14. Ng5 h6 15. f4 Bf8 16. Ngf3 Kh8 17. Qf2 Nb8 18. g4 Ba6 19. c4 b5 20. b3 bxc4 21. bxc4 Nc6 22. g5 Ng8 23. Qh4 Nb4 24. Bb1 Bxc4 25. Nxc4 Rxc4 26. f5 exf5 27. Bxf5 Qd8 28. Bb1 Rxe1 29. Rxe1 Nc2 30. Qe4 d5 31. Qd3 Qc8 32. Ne5 1-0

[Event "Sunningdale e2e4 U2050 op 05"]
[Site "Sunningdale"]
[Date "2014.05.24"]
[Round "3"]
[White "Ai, Farshad"]
[Black "Higgs, Joshua"]
[Result "1-0"]
[WhiteElo "1927"]
[BlackElo "1854"]
[PlyCount "75"]
[EventDate "2014.05.23"]
[EventType "swiss"]
[EventRounds "7"]
[EventCountry "ENG"]
[SourceTitle "EXT 2015"]
[Source "ChessBase"]
[SourceDate "2014.11.20"]
[SourceVersion "1"]
[SourceVersionDate "2014.11.20"]
[SourceQuality "1"]

1. c4 Nf6 2. g3 e6 3. Bg2 Be7 4. Nf3 0-0 5. 0-0 d5 6. b3 b6 7. Bb2 Bb7 8. e3 c5 9. Nc3 Nc6 10. cxd5 Nxd5 11. Nxd5 Qxd5 12. d4 Bf6 13. Ne5 Qd6 14. dxc5 Qxd1 15. Raxd1 bxc5 16. Nxc6 Bxc6 17. Bxc6 Bxb2 18. Bxa8 Rxa8 19. Rd2 Be5 20. Rfd1 Kf8 21. Rd8+ Rxd8 22. Rxd8+ Ke7 23. Ra8 f5 24. f4 Bc3 25. Rxa7+ Kd6 26. Kf2 Kd5 27. Ke2 c4 28. bxc4+ Kxc4 29. Rd7 Kc5 30. Rc7+ Kb4 31. Kd3 Bf6 32. e4 fxe4+ 33. Kxe4 Ka3 34. Ra7+ Kb2 35. Ra6 h6 36. Rxe6 Kxa2 37. Rxf6 gxf6 38. Kf5 1-0

[Event "Sunningdale e2e4 U2050 op 05"]
[Site "Sunningdale"]
[Date "2014.05.24"]
[Round "2"]
[White "Shaw, Meyrick"]
[Black "Higgs, Joshua"]
[Result "0-1"]
[WhiteElo "1914"]
[BlackElo "1854"]
[PlyCount "102"]
[EventDate "2014.05.23"]
[EventType "swiss"]
[EventRounds "7"]
[EventCountry "ENG"]
[SourceTitle "EXT 2015"]
[Source "ChessBase"]
[SourceDate "2014.11.20"]
[SourceVersion "1"]
[SourceVersionDate "2014.11.20"]
[SourceQuality "1"]

1. d4 Nf6 2. Nf3 e6 3. g3 Be7 4. Bg2 0-0 5. 0-0 d5 6. Nbd2 c5 7. c3 Nc6 8. Re1 Qc7 9. e4 dxe4 10. Nxe4 cxd4 11. cxd4 Rd8 12. Bf4 Qb6 13. Qc2 Nd5 14. Be3 h6 15. Rad1 Bd7 16. Qc1 Rac8 17. Nc3 Nxe3 18. Qxe3 Nb4 19. Rd2 Bc6 20. a3 Nd5 21. Nxd5 Bxd5 22. Ne5 Bf6 23. Bxd5 Rxd5 24. Rd3 Qxb2 25. Nxf7 Qb6 26. Ne5 Bxe5 27. dxe5 Qxe3 28. Rexe3 Rcc5 29. f4 Kf7 30. Kg2 Ke7 31. Kf3 b5 32. Rxd5 Rxd5 33. Rc3 Kd7 34. Ke4 Rd2 35. h3 a5 36. Rd3+ Rxd3 37. Kxd3 g6 38. g4 h5 39. Kd4 Kc6 40. Ke4 b4 41. axb4 axb4 42. Kd4 b3 43. Kc3 Kd5 44. Kxb3 hxg4 45. hxg4 Ke4 46. f5 gxf5 47. gxf5 Kxf5 48. Kc3 Kxe5 49. Kd3 Kf4 50. Ke2 Ke4 51. Kd2 Kf3 0-1

[Event "Sunningdale e2e4 U2200 op 04"]
[Site "Sunningdale"]
[Date "2014.04.20"]
[Round "7"]
[White "Higgs, Joshua"]
[Black "Bryant, Richard BE"]
[Result "1/2-1/2"]
[WhiteElo "1845"]
[BlackElo "1957"]
[PlyCount "50"]
[EventDate "2014.04.17"]
[EventType "swiss"]
[EventRounds "7"]
[EventCountry "ENG"]
[SourceTitle "EXT 2015"]
[Source "ChessBase"]
[SourceDate "2014.11.20"]
[SourceVersion "1"]
[SourceVersionDate "2014.11.20"]
[SourceQuality "1"]

1. e4 e6 2. d4 d5 3. Nc3 Bb4 4. exd5 exd5 5. Bd3 Ne7 6. Nge2 Bf5 7. 0-0 c6 8. Ng3 Bxd3 9. Qxd3 0-0 10. Nce2 Bd6 11. Bf4 Bxf4 12. Nxf4 g6 13. Rfe1 Qd6 14. Qf3 Nd7 15. Nd3 Rae8 16. Re3 f5 17. Rae1 Nf6 18. Re6 Qc7 19. Qe2 Nc8 20. Rxe8 Rxe8 21. Qd1 Rxe1+ 22. Qxe1 Qe7 23. Qxe7 Nxe7 24. f3 Kf7 25. Ne2 g5 1/2-1/2

[Event "Sunningdale e2e4 U2200 op 04"]
[Site "Sunningdale"]
[Date "2014.04.19"]
[Round "5"]
[White "Higgs, Joshua"]
[Black "Potter, Karl"]
[Result "1-0"]
[WhiteElo "1845"]
[BlackElo "1911"]
[PlyCount "49"]
[EventDate "2014.04.17"]
[EventType "swiss"]
[EventRounds "7"]
[EventCountry "ENG"]
[SourceTitle "EXT 2015"]
[Source "ChessBase"]
[SourceDate "2014.11.20"]
[SourceVersion "1"]
[SourceVersionDate "2014.11.20"]
[SourceQuality "1"]

1. e4 e6 2. d4 d5 3. Nc3 Bb4 4. exd5 exd5 5. Bd3 Nf6 6. Nge2 0-0 7. 0-0 Bg4 8. f3 Bh5 9. Nf4 Bg6 10. Nxg6 hxg6 11. Ne2 Nbd7 12. Bg5 c6 13. f4 Qb6 14. f5 gxf5 15. Bxf5 Ne4 16. Bxe4 dxe4 17. Ng3 Rae8 18. c3 Bd6 19. Nf5 Qc7 20. h4 Re6 21. Qg4 g6 22. Nh6+ Kg7 23. Nxf7 Rxf7 24. Qxe6 Nf8 25. Rxf7+ 1-0

[Event "Sunningdale e2e4 U2200 op 04"]
[Site "Sunningdale"]
[Date "2014.04.19"]
[Round "4"]
[White "Tobisch, John"]
[Black "Higgs, Joshua"]
[Result "1-0"]
[WhiteElo "1902"]
[BlackElo "1845"]
[PlyCount "149"]
[EventDate "2014.04.17"]
[EventType "swiss"]
[EventRounds "7"]
[EventCountry "ENG"]
[SourceTitle "EXT 2015"]
[Source "ChessBase"]
[SourceDate "2014.11.20"]
[SourceVersion "1"]
[SourceVersionDate "2014.11.20"]
[SourceQuality "1"]

1. c4 e6 2. Nf3 Nf6 3. g3 Be7 4. Bg2 d5 5. b3 0-0 6. 0-0 c5 7. Bb2 Nc6 8. e3 a6 9. Qe2 Qc7 10. d4 Rd8 11. Nbd2 b6 12. Rac1 Bb7 13. Rfd1 Rac8 14. cxd5 Nxd5 15. dxc5 Bxc5 16. a3 Qe7 17. b4 Bd6 18. e4 Nc7 19. e5 Bxb4 20. axb4 Qxb4 21. Nc4 Ne8 22. Ba3 Qa4 23. Bd6 Qb5 24. Rb1 Nxd6 25. Rxb5 Nxb5 26. Rxd8+ Rxd8 27. Nd6 Nxd6 28. exd6 Rxd6 29. h4 g6 30. Kh2 b5 31. Qb2 Rd7 32. Ng5 Nd8 33. Bxb7 Nxb7 34. Ne4 Rc7 35. Nf6+ Kf8 36. Nxh7+ Ke8 37. Qh8+ Kd7 38. Qf6 Kc6 39. Ng5 Nd6 40. g4 b4 41. h5 gxh5 42. gxh5 Nf5 43. Nxf7 Kb5 44. Qxe6 Nd4 45. Qe5+ Rc5 46. Qxd4 Rxh5+ 47. Kg3 a5 48. Nd6+ Kc6 49. Ne4 Kb5 50. Qd3+ Kb6 51. Qe3+ Kc6 52. Qe2 Rb5 53. Qc4+ Kb6 54. Nd6 Rc5 55. Qd4 Kc6 56. Ne4 Rd5 57. Qc4+ Kb6 58. Qxd5 a4 59. Qc5+ Kb7 60. Qxb4+ Kc6 61. Qxa4+ Kd5 62. Nc3+ Ke5 63. Qe4+ Kf6 64. Nd5+ Kg7 65. Qe7+ Kg6 66. f4 Kf5 67. Qe3 Kg6 68. Ne7+ Kg7 69. f5 Kf8 70. f6 Kf7 71. Kf4 Kf8 72. Qe6 Ke8 73. Nc6+ Kf8 74. Qe7+ Kg8 75. Qg7# 1-0

[Event "Sunningdale e2e4 U2200 op 04"]
[Site "Sunningdale"]
[Date "2014.04.18"]
[Round "3"]
[White "Higgs, Joshua"]
[Black "Homer, Neil S"]
[Result "1/2-1/2"]
[WhiteElo "1845"]
[BlackElo "1643"]
[PlyCount "118"]
[EventDate "2014.04.17"]
[EventType "swiss"]
[EventRounds "7"]
[EventCountry "ENG"]
[SourceTitle "EXT 2015"]
[Source "ChessBase"]
[SourceDate "2014.11.20"]
[SourceVersion "1"]
[SourceVersionDate "2014.11.20"]
[SourceQuality "1"]

1. e4 c6 2. c4 d5 3. exd5 cxd5 4. cxd5 Nf6 5. Nc3 Nxd5 6. Nf3 Nc6 7. Bb5 e6 8. 0-0 Be7 9. d4 Bd7 10. Bd3 0-0 11. Nxd5 exd5 12. Ne5 Bf6 13. Bf4 g6 14. Qd2 Re8 15. Rfe1 Nxe5 16. dxe5 Bg7 17. Bc2 Bc6 18. Bb3 Qb6 19. Rad1 Rad8 20. Qd4 Qxd4 21. Rxd4 h6 22. Bg3 Re6 23. f4 f6 24. exf6 Rxe1+ 25. Bxe1 Bxf6 26. Rd2 Kg7 27. Bf2 d4 28. Bc4 b5 29. Bd3 Bd5 30. b3 a6 31. g3 Bf3 32. Bf1 Be4 33. Bd3 Bf3 34. Kf1 Rc8 35. Rc2 Rxc2 36. Bxc2 Kf7 37. Ke1 g5 38. Bf5 Ke7 39. b4 Bd5 40. a3 Bc4 41. Bc8 d3 42. Kd2 Bb2 43. Bxa6 Bxa3 44. Bc5+ Kd8 45. Bb7 gxf4 46. gxf4 Bb2 47. Be4 Kd7 48. Bxd3 Bc1+ 49. Kxc1 Bxd3 50. Kd2 Bc4 51. Ke3 Ke6 52. Ke4 Bd5+ 53. Kd4 Bc4 54. Ke4 Bd5+ 55. Kd4 Bc4 56. Ke3 Kf5 57. Kf3 h5 58. Bd6 Bd5+ 59. Kg3 Bc4 1/2-1/2

[Event "Wch U14"]
[Site "Al Ain"]
[Date "2013.12.28"]
[Round "11"]
[White "Higgs, Joshua"]
[Black "Viswanadha, Kesav"]
[Result "0-1"]
[WhiteElo "1824"]
[BlackElo "2169"]
[PlyCount "70"]
[EventDate "2013.12.18"]
[EventType "swiss"]
[EventRounds "11"]
[EventCountry "UAE"]
[SourceTitle "CBM 158 Extra"]
[Source "ChessBase"]
[SourceDate "2014.02.28"]
[SourceVersion "1"]
[SourceVersionDate "2014.02.28"]
[SourceQuality "1"]

1. e4 c5 2. Nf3 d6 3. Bb5+ Nd7 4. c4 Ngf6 5. Nc3 a6 6. Ba4 e6 7. d4 cxd4 8. Nxd4 Be7 9. 0-0 Qc7 10. b3 b5 11. Ndxb5 axb5 12. Nxb5 Qb8 13. Re1 0-0 14. Ba3 Nc5 15. Bxc5 dxc5 16. e5 Nd7 17. Nd6 Nxe5 18. Nxc8 Rxc8 19. f4 Ng6 20. f5 exf5 21. Qd7 Bf6 22. Rad1 f4 23. Qf5 Bd4+ 24. Kh1 Qb7 25. Qh5 h6 26. Re2 Be3 27. Qf5 Rd8 28. Ree1 Nh4 29. Qg4 Nxg2 30. Rxd8+ Rxd8 31. h4 Nxe1+ 32. Bc6 Qxc6+ 33. Kh2 Rd2+ 34. Qe2 Rxe2+ 35. Kh3 Qg2# 0-1

[Event "Wch U14"]
[Site "Al Ain"]
[Date "2013.12.22"]
[Round "6"]
[White "Kololli, Martin"]
[Black "Higgs, Joshua"]
[Result "1-0"]
[WhiteElo "2045"]
[BlackElo "1824"]
[PlyCount "65"]
[EventDate "2013.12.18"]
[EventType "swiss"]
[EventRounds "11"]
[EventCountry "UAE"]
[SourceTitle "CBM 158 Extra"]
[Source "ChessBase"]
[SourceDate "2014.02.28"]
[SourceVersion "1"]
[SourceVersionDate "2014.02.28"]
[SourceQuality "1"]

1. e4 e5 2. Nf3 Nc6 3. Bc4 Bc5 4. c3 Nf6 5. d4 exd4 6. cxd4 Bb4+ 7. Bd2 Nxe4 8. Bxb4 Nxb4 9. Qb3 d5 10. Qxb4 dxc4 11. 0-0 Qd5 12. Re1 Be6 13. Nc3 Nxc3 14. bxc3 f6 15. Rxe6+ Qxe6 16. Re1 Qxe1+ 17. Nxe1 0-0-0 18. Qxc4 Rhe8 19. Nc2 Rd6 20. Ne3 Rde6 21. g3 g6 22. Kg2 a6 23. d5 Rd6 24. Qd4 c6 25. Nc4 Rdd8 26. d6 Kb8 27. d7 Re7 28. Qd6+ Ka8 29. Qxe7 Rxd7 30. Qxd7 Ka7 31. Qc7 a5 32. Nd6 Ka6 33. Qxb7# 1-0

[Event "High Wycombe e2e4 op U2050"]
[Site "High Wycombe"]
[Date "2013.10.13"]
[Round "4"]
[White "Higgs, Joshua"]
[Black "McCarthy, Damian"]
[Result "0-1"]
[WhiteElo "1831"]
[BlackElo "1891"]
[PlyCount "209"]
[EventDate "2013.10.11"]
[EventType "swiss"]
[EventRounds "5"]
[EventCountry "ENG"]
[SourceTitle "EXT 2015"]
[Source "ChessBase"]
[SourceDate "2014.11.20"]
[SourceVersion "1"]
[SourceVersionDate "2014.11.20"]
[SourceQuality "1"]

1. e4 c5 2. c3 d5 3. exd5 Qxd5 4. d4 Nc6 5. Nf3 Bg4 6. Be2 cxd4 7. cxd4 e6 8. Nc3 Qa5 9. h3 Bh5 10. Qb3 Qb4 11. Qxb4 Bxb4 12. g4 Bg6 13. Bb5 Nge7 14. Ne5 0-0 15. Nxc6 Nxc6 16. Bxc6 bxc6 17. 0-0 Rfd8 18. Be3 Rd7 19. a3 Be7 20. Rac1 Bf6 21. Ne2 Bd3 22. Rfe1 Be4 23. g5 Be7 24. f4 Rb7 25. Ng3 Bd5 26. Re2 a5 27. Rc3 Rab8 28. Bc1 a4 29. Ne4 g6 30. Kf2 Rb3 31. Rxb3 Bxb3 32. Re3 Bd5 33. Nc3 Bb3 34. Ne4 Bd5 35. Kf3 Bd8 36. Rc3 Ba5 37. Rc2 Rb3+ 38. Be3 Kf8 39. Rh2 Ke7 40. Rc2 Bb6 41. Rd2 c5 42. dxc5 Bxc5 43. Re2 Bd4 44. Kf2 Bxe3+ 45. Rxe3 Rxb2+ 46. Ke1 Rb3 47. Kd2 Bxe4 48. Rxe4 Rxa3 49. h4 Kd6 50. Kc2 Kd5 51. Rb4 Rh3 52. Rxa4 Rxh4 53. Kd3 Rh3+ 54. Ke2 h6 55. gxh6 Rxh6 56. Kf3 Rh5 57. Ra7 Rf5 58. Kg4 Kd6 59. Rb7 e5 60. fxe5+ Kxe5 61. Re7+ Kf6 62. Re1 g5 63. Ra1 Kg6 64. Ra6+ f6 65. Ra8 Rf4+ 66. Kg3 Re4 67. Kf3 Kf5 68. Ra5+ Re5 69. Ra3 g4+ 70. Kg3 Kg5 71. Ra8 Re3+ 72. Kf2 Kf4 73. Rf8 Rf3+ 74. Kg2 f5 75. Ra8 Re3 76. Kf2 g3+ 77. Kg2 Re2+ 78. Kf1 Kf3 79. Ra3+ Re3 80. Ra2 f4 81. Rb2 Rc3 82. Rb1 g2+ 83. Kg1 Rc2 84. Rb3+ Ke4 85. Rb4+ Kf5 86. Rb5+ Kg4 87. Rb8 Re2 88. Rg8+ Kf3 89. Kh2 Ke3 90. Rb8 f3 91. Rb1 Kf2 92. Ra1 Re1 93. Ra2+ Kf1 94. Ra4 g1Q+ 95. Kh3 Qg2+ 96. Kh4 Re8 97. Ra1+ Kf2 98. Ra2+ Kg1 99. Rxg2+ Kxg2 100. Kg5 f2 101. Kg6 f1Q 102. Kg7 Qf8+ 103. Kg6 Re7 104. Kh5 Rg7 105. Kh6 0-1

[Event "High Wycombe e2e4 op U2050"]
[Site "High Wycombe"]
[Date "2013.10.13"]
[Round "5"]
[White "Wilson, Matthew R"]
[Black "Higgs, Joshua"]
[Result "1/2-1/2"]
[WhiteElo "1797"]
[BlackElo "1831"]
[PlyCount "41"]
[EventDate "2013.10.11"]
[EventType "swiss"]
[EventRounds "5"]
[EventCountry "ENG"]
[SourceTitle "EXT 2015"]
[Source "ChessBase"]
[SourceDate "2014.11.20"]
[SourceVersion "1"]
[SourceVersionDate "2014.11.20"]
[SourceQuality "1"]

1. Nf3 d5 2. g3 Nf6 3. Bg2 e6 4. d4 Be7 5. 0-0 0-0 6. c4 dxc4 7. Ne5 c5 8. dxc5 Bxc5 9. Nxc4 Qc7 10. Qb3 Nc6 11. Be3 Bxe3 12. Qxe3 Nb4 13. Rc1 Nbd5 14. Ne5 Nxe3 15. Rxc7 Nxg2 16. Kxg2 Nd5 17. Rc1 f6 18. Nd3 e5 19. e4 Nb6 20. Nc3 Bd7 21. b3 1/2-1/2